000
00300nam a22001217a 4500
003
OSt
005
20250728114533.0
008
250728b |||||||| |||| 00| 0 eng d
040
_c
DLC
082
_a
362.196
245
_a
Understanding Religious Involvement in the Ugandan AIDS Response
942
_2
ddc
_c
BK
999
_c
4130
_d
4130